| 000 | 00418nam a2200133Ia 4500 | ||
|---|---|---|---|
| 008 | 170221s9999 xx 000 0 und d | ||
| 100 | _aSass, Wayne R. | ||
| 245 | _aActs 2: An Example of the Divine Empowerment of Leaders | ||
| 245 | _cWayne R. Sass. | ||
| 260 | _c2012 | ||
| 300 | _a32 : 3 | ||
| 650 | _xBusiness | ||
| 856 | _uhttp://www.regent.edu/acad/global/publications/elj/vol5iss1/ELJ_Vol5No1_Sass_pp36-55.pdf | ||
| 999 |
_c311197 _d311197 |
||